000
00323 a2200133 4500
000
nam a22 7a 4500
100
_a
Murthy, Janani
110
_a
Murthy, Janani
245
_a
Encyclopaedia of Cyber Law and Ethics
250
_a
Latest edition
260
_b
Oxford
_c
2025
264
_b
Oxford
_c
2025
942
_c
BK
999
_c
396190
_d
396190